000 00282nam a22001217a 4500
008 181122b xxu||||| |||| 00| 0 eng d
041 _aeng
080 _a701
100 _a45
101 _aART
245 _aInscribed Armenian Rugs of Yesterdays
_cKeshishian, J,M
942 _2udc
_cBK
999 _c52389
_d52389